000 01490nam a2200337 i 4500
999 _c65011
_d65011
001 768714001
003 CO-MdFUSB
005 20190510124803.0
008 190507t2009 -usade|| |||| 00| 0 spa d
020 _a9780829755633
040 _aCO-MdFUSB
_bspa
_cCO-MdFUSB
_dCO-MdFUSBC
_erda
041 _aspa
_heng
082 _226
_a262
_bG394
100 _aGetz, Gene A,
_eautor
240 _aThe measure of a healthy church
245 1 _aCómo identificar a una iglesia saludable :
_bcómo Dios define la grandeza de la iglesia
_c/ Gene A. Getz ; traducido por Maria J. Fraguela. ; editado por Elizabeth Morris.
264 1 _aEstados Unidos :
_bVida,
_c[2009]
264 4 _c© 2009
300 _a207 páginas
_c; 23 cm
336 _2rdacontent
_atexto
_btxt
337 _2rdamedia
_asin mediación
_bn
338 _2rdacarrier
_avolumen
_bnc
505 _aEl éxito en el ministerio: ¿cantidad o calidad?. -- El misterio de Dios revelado. -- La medida perfecta. -- Reflejar la gracia de Dios. -- Una trilogía divina. -- La fe que obra. -- La esperanza que perdura. -- El amor, la más excelente de ellas. -- Cómo medir a nuestros líderes. -- Cómo medir la adoración corporativa. -- Cómo medir tu iglesia.
563 _aRústico.
650 0 _9180
_aTeología práctica
650 0 _9476
_aIglesia
_xCristianismo
650 0 _91118
_aAdministración eclesiástica
650 7 _987
_aDirección espiritual
700 _91801
_aFraguela, María J,
_etraductor.
942 _cBK